[Event "ISR-ch U16"]
[Site "Hakfar Hayarok"]
[Date "2021.03.24"]
[Round "7"]
[White "Zoabi, Jihad"]
[Black "Zemach, Nadav"]
[Result "0-1"]
[WhiteElo "2001"]
[BlackElo "2162"]
[PlyCount "72"]
[EventDate "2021.03.19"]
[EventType "swiss"]
[EventRounds "9"]
[EventCountry "ISR"]
[SourceTitle "EXT 2022"]
[Source "ChessBase"]
[SourceDate "2021.10.06"]
[SourceVersion "1"]
[SourceVersionDate "2021.10.06"]
[SourceQuality "1"]

1. Nf3 Nf6 2. c4 e6 3. Nc3 d5 4. d4 dxc4 5. e3 a6 6. Bxc4 b5 7. Bb3 Bb7 8. 0-0 Be7 9. Qe2 0-0 10. Rd1 Nbd7 11. a3 c5 12. e4 b4 13. d5 e5 14. Nb1 Ne8 15. Ba4 Bd6 16. Bc6 Qc7 17. Bxb7 Qxb7 18. Be3 Qb5 19. Qe1 Nb6 20. axb4 cxb4 21. Bxb6 Qxb6 22. Nbd2 Nf6 23. Nc4 Qb8 24. Rdc1 Rc8 25. Qe3 Nd7 26. h4 Rc5 27. b3 a5 28. Nxd6 Qxd6 29. Rxc5 Qxc5 30. Qg5 Rc8 31. Qf5 Qc7 32. Ng5 Nf6 33. Rxa5 h5 34. Ra7 Qc1+ 35. Kh2 Rf8 36. g3 Qf1 0-1